00982nam a22002057a 4500003000900000008004100009040007100050082001900121110003700140245012000177260006500297300005700362440002900419505018700448650002800635650002700663650002100690650002200711700004300733AR-CdUCM190429b ||||| |||| 00| 0 spa d aMUNICIPALIDAD PROVINCIAL DEL CUSCOcBIBLIOTECA MUNICIPAL DEL CUSCO aAnta/N°1/2016 aMunicipalidad Provincial de Anta aAnta destino turístico del Perú :bRevista informativa cultural turística /cMunicipalidad Provincial de Anta aCusco.bAmericana,bMunicipalidad Provincial de Anta,c2016. a80 páginas. :bilustraciones en color ;c15x21 cm. aAnta.nN°01, mayo 2016. aContenido: El Apu Kunkunña. -- Sitio arqueológico Andenes de Zurite. -- Sitio arqueológico de Tumibamba, Killarumiyoq, Tarawasi, Qollmay, Markawasi, Choquechurco, Choquequirao. aAtractivos turísticos aSitios arqueológicos aHistoria de Anta aProvincia de Anta aLlacolla Huallparimachi, Justino Wiler